000 00843nam a2200253Ia 4500
003 OSt
005 20221005112007.0
006 a|||||r|||| 00| 0
007 ta
008 221004b |||||||| |||| 00| 0 hin d
024 _a31959
037 _cTextual
040 _aCRL
_cCRL
_bhin
041 _2hin
_ahin
082 _aO152,2M89,1, M1
100 _aप्रसाद, जयशंकर
245 0 _aचन्द्रगुप्त ऐतिहासिक नाटक
246 _aChandragupta aitihāsik nāṭaka
260 _aवाराणसी
_bप्रसाद मंदिर भारत
_c1981
300 _a178पृ.
_ccm.
650 _aहिन्दी नाटक
942 _hO152,2M89,1, M1
_cTEXL
_2cc
999 _c1023514
_d1023514